00358nam a2200121Ia 4500008004100000082001500041100003400056245002900090260004200119300000900161630001800170650004800188211109s9999||||xx |||||||||||||| ||und|| a425bROW-G aRowlands, W S Naulekar, N R,  0aGuide To General English bOxford University PressaBombayc1921 a92p. xGeneral Stack aEnglish languagesvEnglish grammarxEnglish